000 01280cam a22003377a 4500
003 CHAP
005 20220329133933.0
008 971013s1993 r 00010 d
010 _a12936
011 _a13908
035 _a17981
040 _cCHAP
082 _a312.0972
_bM48 1990 Nay. v.1
110 _aInstituto Nacional de Estadística, Geografía e Informática. México
_959304
245 0 _aCenso general de población y vivienda (11o.) 1990 : Nayarit : Tepic
260 _aAguascalientes, Ags. :
_bINEGI,
_c1993-
300 _av.
_b: gráfs.
500 _aLa biblioteca tiene: Pte. 1 Perfil sociodemográfico
590 _aBATCH-UPD
_b10
_c20130110
_lUCH01
_h0207
590 _aBATCH-UPD
_b10
_c20130110
_lUCH01
_h2123
590 _aBATCH-UPD
_b10
_c20130410
_lUCH01
_h1432
590 _aBATCH-UPD
_b10
_c20130914
_lUCH01
_h1822
590 _aCONVERSION
_b10
_c20130109
_lUCH01
_h1308
650 1 4 _aMéxico
_xCensos (1990)
_976661
650 1 4 _aPoblación
_xEstadísticas
_zNayarit.
_989390
650 1 4 _aVivienda
_xNayarit.
_9120138
901 _aBK
942 _cLIBRO
949 _a312.0972 M48 1990 Nay. v.1
_bBC
_cINEGI
_d33724000614509
_eINEGI
_fPte. 1 c.2
_h86878
_i17981
_si
949 _a312.0972 M48 1990 Nay. v.1
_bBC
_cINEGI
_d33724000614665
_eINEGI
_fPte. 1
_h86877
_i17981
_si
999 _c12936
_d12936